| 000 | 00366cam a22001097a 4500 | ||
|---|---|---|---|
| 008 | 180718b1971 xxu||||| |||| 00| 0 eng d | ||
| 082 | _aL2 Un3t | ||
| 245 |
_aTax reform planning : report _cby Department of Economic and Social Affairs, U.S.A. |
||
| 260 |
_aNew York _bUnited Nations _c1971 |
||
| 300 | _a16+p. | ||
| 700 | _aU.S.A. Department of Economic and Social Affairs | ||
| 999 |
_c500531 _d500531 |
||